[Event "ROM-ch U10 Girls"]
[Site "Calimanesti"]
[Date "2018.04.01"]
[Round "7"]
[White "Achirei, Olivia"]
[Black "Andries, Alexia"]
[Result "0-1"]
[WhiteElo "1001"]
[BlackElo "1247"]
[PlyCount "160"]
[EventDate "2018.03.27"]
[EventType "swiss"]
[EventRounds "9"]
[EventCountry "ROU"]
[SourceTitle "CBM 183 Extra"]
[Source "ChessBase"]
[SourceDate "2018.04.19"]
[SourceVersion "1"]
[SourceVersionDate "2018.04.19"]
[SourceQuality "1"]

1. d4 Nf6 2. c4 g6 3. g3 Bg7 4. Nf3 0-0 5. Bg2 d6 6. 0-0 Nbd7 7. Nc3 a6 8. Bf4 c5 9. dxc5 Nxc5 10. b4 Nce4 11. Nxe4 Nxe4 12. Rc1 Nc3 13. Qc2 Bf5 14. Qd2 Ne4 15. Qe3 Qd7 16. Nd4 Bxd4 17. Qxd4 e5 18. Bxe5 dxe5 19. Qxd7 Bxd7 20. Bxe4 Bc6 21. Bxc6 bxc6 22. a4 Rab8 23. Rb1 Rfd8 24. b5 cxb5 25. axb5 axb5 26. cxb5 Rd5 27. b6 Rd6 28. Rb5 Rbxb6 29. Rxe5 Re6 30. Rxe6 Rxe6 31. e3 Kg7 32. Kg2 Kh6 33. Re1 f5 34. f3 Kg5 35. f4+ Kf6 36. Kf3 h5 37. e4 fxe4+ 38. Rxe4 Ra6 39. h3 Ra1 40. Re5 Rh1 41. Kg2 Ra1 42. g4 hxg4 43. hxg4 Ra6 44. g5+ Kf7 45. Kf3 Ra1 46. Kg3 Rc1 47. Re4 Rc3+ 48. Kf2 Rh3 49. Re3 Rh4 50. Kg3 Rh1 51. Rf3 Rd1 52. Kg4 Rg1+ 53. Rg3 Rf1 54. Rf3 Rg1+ 55. Kh3 Ke6 56. Kh2 Rg4 57. Kh3 Kf5 58. Rg3 Rxf4 59. Kg2 Rg4 60. Kf2 Rxg5 61. Rf3+ Ke6 62. Re3+ Kf7 63. Rf3+ Rf5 64. Rxf5+ gxf5 65. Kf3 Ke6 66. Kf4 Kf6 67. Kf3 Kg5 68. Kg3 f4+ 69. Kf3 Kf5 70. Kf2 Ke4 71. Ke2 f3+ 72. Kf2 Kf4 73. Kf1 Ke3 74. Ke1 Kd3 75. Kf1 Ke3 76. Ke1 Kf4 77. Kf1 Kf5 78. Kf2 Kg4 79. Kf1 Kg3 80. Ke1 Kg2 0-1

[Event "ROM-ch U10 Girls"]
[Site "Calimanesti"]
[Date "2018.03.31"]
[Round "6"]
[White "Moraru, Ana Alina"]
[Black "Achirei, Olivia"]
[Result "0-1"]
[WhiteElo "1101"]
[BlackElo "1001"]
[PlyCount "70"]
[EventDate "2018.03.27"]
[EventType "swiss"]
[EventRounds "9"]
[EventCountry "ROU"]
[SourceTitle "CBM 183 Extra"]
[Source "ChessBase"]
[SourceDate "2018.04.19"]
[SourceVersion "1"]
[SourceVersionDate "2018.04.19"]
[SourceQuality "1"]

1. d4 d5 2. Nf3 e6 3. g3 c6 4. Bg2 f5 5. 0-0 Bd6 6. c4 Nf6 7. Qc2 0-0 8. Nbd2 Qe7 9. Re1 Bd7 10. a3 Be8 11. b3 Nbd7 12. Bb2 f4 13. b4 fxg3 14. hxg3 Bg6 15. Qd1 Rac8 16. Nh4 Bf7 17. e4 Qd8 18. e5 Be7 19. exf6 Bxf6 20. Nhf3 Bh5 21. Qb3 Re8 22. Rac1 Bg5 23. Rc2 Bg6 24. Rcc1 Bf5 25. Re2 Bg4 26. Rce1 Bh6 27. Rf1 Rf8 28. Ree1 Qf6 29. Rd1 Bxd2 30. Nxd2 Bxd1 31. Qxd1 dxc4 32. Nxc4 Rcd8 33. Re1 Qxf2+ 34. Kh2 Rf6 35. Rf1 Rh6+ 0-1

[Event "ROM-ch U10 Girls"]
[Site "Calimanesti"]
[Date "2018.03.29"]
[Round "4"]
[White "Achirei, Olivia"]
[Black "Apostol, Maria"]
[Result "1-0"]
[WhiteElo "1001"]
[BlackElo "1158"]
[PlyCount "67"]
[EventDate "2018.03.27"]
[EventType "swiss"]
[EventRounds "9"]
[EventCountry "ROU"]
[SourceTitle "CBM 183 Extra"]
[Source "ChessBase"]
[SourceDate "2018.04.19"]
[SourceVersion "1"]
[SourceVersionDate "2018.04.19"]
[SourceQuality "1"]

1. d4 d5 2. c4 e6 3. Nf3 Nf6 4. g3 Be7 5. Bg2 dxc4 6. 0-0 0-0 7. Nc3 Nbd7 8. Bf4 a6 9. Ne5 Nxe5 10. dxe5 Nd7 11. Qc2 c6 12. Rfd1 Qc7 13. Qe4 Nc5 14. Qxc4 b5 15. Qd4 Rd8 16. Qe3 Nd7 17. Rd2 Bb7 18. Rad1 Bc5 19. Qe4 Nb6 20. b4 Nc4 21. Rxd8+ Rxd8 22. bxc5 Rxd1+ 23. Nxd1 h6 24. Nc3 Qa5 25. Qc2 b4 26. Na4 Qb5 27. h4 a5 28. e3 Kf8 29. Nb2 Qxc5 30. Nxc4 Qb5 31. Qh7 c5 32. Qh8+ Ke7 33. Qxg7 Qxc4 34. Qxh6 1-0

[Event "ROM-ch U10 Girls"]
[Site "Calimanesti"]
[Date "2018.03.29"]
[Round "3"]
[White "Achirei, Olivia"]
[Black "Vranceanu, Sofia Maria"]
[Result "0-1"]
[WhiteElo "1001"]
[BlackElo "1213"]
[PlyCount "76"]
[EventDate "2018.03.27"]
[EventType "swiss"]
[EventRounds "9"]
[EventCountry "ROU"]
[SourceTitle "CBM 183 Extra"]
[Source "ChessBase"]
[SourceDate "2018.04.19"]
[SourceVersion "1"]
[SourceVersionDate "2018.04.19"]
[SourceQuality "1"]

1. d4 Nf6 2. Nf3 c5 3. dxc5 Na6 4. Bf4 Nxc5 5. Nc3 d6 6. e3 g6 7. Bc4 Be6 8. Be2 Bg7 9. 0-0 0-0 10. h3 Qb6 11. Rb1 Nfe4 12. Nxe4 Nxe4 13. Bd3 Nc5 14. Qd2 Bxa2 15. Ra1 Qxb2 16. e4 Nxd3 17. Qxd3 Rac8 18. Rfc1 Bc4 19. Qd2 Bc3 20. Qe3 Qb4 21. Rxa7 Ba6 22. e5 dxe5 23. Bxe5 Bxe5 24. Qxe5 Qb6 25. Qe3 Rc5 26. Qh6 f6 27. Nd4 Re5 28. Nf3 Re2 29. Qh4 Qxa7 30. Nd4 Re5 31. Nf3 Rh5 32. Qe4 Re8 33. Qe6+ Kg7 34. g4 Rxh3 35. Qd5 Rg3+ 36. Kh1 Qxf2 37. Rg1 Rh3+ 38. Nh2 Qxh2# 0-1